| 000 | 00438nam a2200133Ia 4500 | ||
|---|---|---|---|
| 008 | 170221s9999 xx 000 0 und d | ||
| 100 | _aDuky Charles | ||
| 245 | _aEffects of Servant Leadership on Satisfaction with Leaders: Inclusion of Situational Variables | ||
| 245 | _cDuky Charles | ||
| 260 | _c2013 | ||
| 300 | _a7 : | ||
| 650 | _xBusiness | ||
| 856 | _uhttp://www.regent.edu/acad/global/publications/elj/vol8iss1/3ELJ-Charles.pdf | ||
| 999 |
_c313300 _d313300 |
||